L'Ensenyança musical en l'educació integral del nen / Rosa Mampel
Descripción Física:
49 f. : il. ; 30 cm
Materias:
Música -- Ensenyament
MARC
| LEADER | 00000nam a2200000Ia 4500 | ||
|---|---|---|---|
| 001 | 2008 | ||
| 008 | 160829s9999 xx 000 0 cat d | ||
| 080 | |a E-1-14 | ||
| 100 | |a Mampel, Rosa |9 30124 | ||
| 245 | |a L'Ensenyança musical en l'educació integral del nen / Rosa Mampel | ||
| 260 | |a Barcelona : |b Diputació de Barcelona. Servei d'Ensenyament i Investigació, [198 - ?] | ||
| 300 | |a 49 f. : |b il. ; |c 30 cm | ||
| 650 | |a Música |x Ensenyament |9 30125 | ||
| 710 | 1 | |a Barcelona (Catalunya : Província). |b Servei d'Ensenyament i Investigació |9 54366 | |
| 901 | |a Arxiu | ||
| 942 | |n 1 | ||
| 952 | |0 0 |1 0 |4 0 |6 E114 |7 1 |9 45279 |a Arxiu |b Arxiu |d 2016-12-01 |l 0 |o E-1-14 |p 2008 |r 2016-12-01 00:00:00 |w 2016-12-01 |y ARXIU | ||
| 999 | |c 48353 |d 48353 | ||